00639nam a22001697a 4500003000900000008004100009040007100050082002500121110003400146245002500180260005800205300002800263505013200291650002300423650001500446650000800461AR-CdUCM190320b ||||| |||| 00| 0 spa d aMUNICIPALIDAD PROVINCIAL DEL CUSCOcBIBLIOTECA MUNICIPAL DEL CUSCO a343.5 / 2J92 / 1956 aJurado nacional de elecciones aEstatuto electoral / aLima :bImpr. colegio militar "Leoncio Prado",c1956. a94 páginas ; c17 cm. aContenido: Apertura de nuevo registro electoral nacional, Decreto ley N° 11100 -- Estatuto electoral Decreto ley N° 11172... aEstatuto electoral aElecciones aLey